| 000 | 00569nam a2200193 i 4500 | ||
|---|---|---|---|
| 001 | 131447 | ||
| 003 | ES-MaACL | ||
| 005 | 20250819063059.0 | ||
| 007 | t| | ||
| 008 | 070214s1969 sp |||| | spa d | ||
| 100 | 1 |
_aRodríguez Adrados, Francisco, _d1922-2020 _998318 |
|
| 245 | 1 | 0 |
_aEstudios de lingüística general / _cFrancisco Rodríguez Adrados. |
| 250 | _a1ª ed. | ||
| 260 |
_aBarcelona : _bPlaneta, _c1969. |
||
| 300 |
_a325 p. : _bil. ; _c22 cm. |
||
| 650 | 4 |
_aLingüística. _914463 |
|
| 852 |
_aES-MaACL _jC-36436 |
||
| 999 |
_c131447 _d131447 |
||